| 000 | 03149nam0a2200409 4500 | ||
|---|---|---|---|
| 001 | RU\NLR\BIBL_A\012797802 | ||
| 005 | 20230406163804.0 | ||
| 010 |
_a978-5-4484-3230-9 _9500 |
||
| 021 |
_aRU _bКН-П-22-010120 _9КН-П-22-0840 |
||
| 035 | _a(NLR Aleph) 012797802 | ||
| 035 | _a(RuMoRGB)010983761 | ||
| 090 |
_a13173269 _c13173269 |
||
| 100 | _a20220524d2022 k y0rusy50 ca | ||
| 101 | 0 | _arus | |
| 102 | _aRU | ||
| 105 | _aab z 000zy | ||
| 181 | 0 |
_ai _baxxe |
|
| 182 | 0 | _an | |
| 200 | 1 |
_aЕпископ и каноническая территория _fГригорий Приходько |
|
| 203 |
_aТекст _bвизуальный _cнепосредственный |
||
| 210 |
_aМосква _cВече _d2022 |
||
| 215 |
_a398, [1] с., [4] л. цв. ил., карт. _d21 |
||
| 300 | _aНа 4-й с. пер. авт.: Г. Приходько, д.ю.н., д.канон. права | ||
| 300 | _aНа 4-й с. пер.: Вече 30 лет | ||
| 320 | _aБиблиогр.: с. 355-388 | ||
| 330 | _aКнига представляет собой качественно новое исследование по наиболее актуальным вопросам межцерковных и церковно-государственных отношений. Само понятие <каноническая территория> появилось относительно недавно, однако оно, несомненно, обозначает очень древнюю юридическую конструкцию. Ведь именно принцип недопустимости посягательства на чужую территорию и отказ от любой формы полиархии привели к установлению точных правил касательно административной организации Церкви. Отталкиваясь от этой идеи, автор на основании многочисленных исторических примеров раскрывает не только органичную связь между учением о епископском служении и понятием <каноничная территория>, но и проводит подробный экскурс в историю установления церковно-административных структур на основе трех основных моделей, действовавших на территории Римской и Персидской империй, а также в Армянском царстве | ||
| 333 | _a16+ | ||
| 606 |
_aЦерковное право _91258999 _3RU\NLR\AUTH\66516609 |
||
| 606 | 1 |
_aРелигия и государство _92390175 _3RU\NLR\AUTH\661425451 |
|
| 686 | 1 | _aХ2(2)0-627 | |
| 686 | 2 | _aЭ37-62 | |
| 700 | 1 |
_7ca _8rus _aПриходько _bГ. _cд-р права _gГригорий _9246144 _3RU\NLR\AUTH\770246200 |
|
| 942 | _cBOOK | ||
| 980 | _aNB | ||